| 000 | 05436nam a22005537a 4500 | ||
|---|---|---|---|
| 005 | 2009121402222.0 | ||
| 008 | 091214t xxu||||| |||| 00| 0 eng d | ||
| 010 | _aB-369294-319 B-421024 | ||
| 020 |
_a9788184082159 _c130.00 |
||
| 035 | _aB-369294-319 B-421024 | ||
| 037 | _bIndiana Publishing House | ||
| 040 |
_adpl _bEnglish |
||
| 082 | _aS | ||
| 100 |
_aHugo, Victor _921235 |
||
| 245 |
_aThe Hunchback of Notre-Dame / _cby Victor Hugo ; adapted by Mark Thomson |
||
| 260 |
_aNew Delhi _bIndiana Publishing House _c2010 |
||
| 270 |
_a2/13, Ansari Road, Darya Ganj, _bNew Delhi _e110002 |
||
| 300 |
_ax, 242p.: _b ill. _c24cm(Hb) |
||
| 490 |
_aIndiana Illustrated classics _921236 |
||
| 942 |
_2ddc _cCH _mHUG _hS |
||
| 999 |
_c32724 _d32724 |
||